El libro de oro de la cortesía : (Record no. 111646)
[ view plain ]
| 000 -LEADER | |
|---|---|
| campo de control de longitud fija | 01074cam a2200325Ka 4500 |
| 001 - NÚMERO DE CONTROL | |
| campo de control | 84389 |
| 005 - FECHA Y HORA DE LA ÚLTIMA TRANSACCIÓN | |
| campo de control | 20230411090043.0 |
| 008 - DATOS DE LONGITUD FIJA--INFORMACIÓN GENERAL | |
| campo de control de longitud fija | 990810s1967 sp a 000 0 spa d |
| 035 ## - NÚMERO DE CONTROL DEL SISTEMA | |
| Número de control de sistema | (OCoLC)ocm42042963 |
| 040 ## - FUENTE DE CATALOGACIÓN | |
| Centro catalogador/agencia de origen | DZM |
| Centro/agencia transcriptor | DZM |
| Centro/agencia modificador | OCL |
| -- | OCLCQ |
| 035 ## - NÚMERO DE CONTROL DEL SISTEMA | |
| Número de control de sistema | (OCoLC)42042963 |
| 041 1# - CÓDIGO DE IDIOMA | |
| Código de lengua del texto/banda sonora o título independiente | spa |
| Código de lengua original | fre |
| 092 ## - ASIGNACIÓN LOCAL DE SIGNATURA TOPOGRÁFICA DEWEY (OCLC) | |
| Número de clasificación | 395 |
| Número de ítem | LIBR |
| 049 ## - FONDOS LOCALES (OCLC) | |
| Biblioteca depositaria | GRAL |
| 130 0# - ENTRADA PRINCIPAL--TÍTULO UNIFORME | |
| Título uniforme | Livre d'or de savoir-vivre. |
| Lenguaje de la obra | Spanish. |
| 245 13 - MENCIÓN DEL TÍTULO | |
| Título | El libro de oro de la cortesía : |
| Resto del título | guía ilustrada de la etiqueta / |
| Mención de responsabilidad, etc. | versión española por Enrique Forns y Fafían ; [dibujos de Max Frei]. |
| 246 30 - FORMA VARIANTE DEL TITULO | |
| Título propio/Titulo breve | Guía ilustrada de la etiqueta |
| 246 30 - FORMA VARIANTE DEL TITULO | |
| Título propio/Titulo breve | Etiqueta |
| 260 ## - PUBLICACIÓN, DISTRIBUCIÓN, ETC. | |
| Lugar de publicación, distribución, etc. | Barcelona : |
| Nombre del editor, distribuidor, etc. | Juan Flors, Editor, |
| Fecha de publicación, distribución, etc. | c1967. |
| 300 ## - DESCRIPCIÓN FÍSICA | |
| Extensión | 460 p. : |
| Otras características físicas | ill. ; |
| Dimensiones | 24 cm. |
| 500 ## - NOTA GENERAL | |
| Nota general | Translation of: Le livre d'or du savoir vivre. |
| 500 ## - NOTA GENERAL | |
| Nota general | "Con 350 fotografías y dibujos." |
| 650 #0 - PUNTO DE ACCESO ADICIONAL DE MATERIA--TÉRMINO DE MATERIA | |
| Término de materia o nombre geográfico como elemento de entrada | Etiquette. |
| 650 #0 - PUNTO DE ACCESO ADICIONAL DE MATERIA--TÉRMINO DE MATERIA | |
| Término de materia o nombre geográfico como elemento de entrada | Etiquette |
| Subdivisión de forma | Picture books. |
| 650 #7 - PUNTO DE ACCESO ADICIONAL DE MATERIA--TÉRMINO DE MATERIA | |
| Término de materia o nombre geográfico como elemento de entrada | Etiqueta. |
| Fuente del encabezamiento o término | bidex |
| 650 #7 - PUNTO DE ACCESO ADICIONAL DE MATERIA--TÉRMINO DE MATERIA | |
| Término de materia o nombre geográfico como elemento de entrada | Etiqueta |
| Subdivisión de forma | Libros de láminas. |
| Fuente del encabezamiento o término | bidex |
| 700 1# - ENTRADA AGREGADA--NOMBRE PERSONAL | |
| Nombre de persona | Forns y Fafían, Enrique. |
| 942 ## - ELEMENTOS DE ENTRADA SECUNDARIOS (KOHA) | |
| Fuente del sistema de clasificación o colocación | Clasificación de Library of Congress |
| Tipo de ítem Koha | |
| 994 ## - | |
| -- | C0 |
| -- | DRFGD |
| Estatus retirado | Estado de pérdida | Fuente del sistema de clasificación o colocación | Estado de daño | No para préstamo | Colección | Biblioteca de origen | Biblioteca actual | Ubicación en estantería | Fecha de adquisición | Código de barras | Visto por última vez | Copia número | Tipo de ítem Koha |
|---|---|---|---|---|---|---|---|---|---|---|---|---|---|
| Clasificación de Library of Congress | Automatización y Procesos Técnicos | Biblioteca Juan Bosch | Biblioteca Juan Bosch | Automatización y Procesos Técnicos (1er. Piso) | 11/04/2023 | 00000075658 | 17/02/2019 | 1 |
